Movies Quiz

Random Movies or Actress Quiz

One Actor, Two Superheroes Quiz Stats

 Plays Quiz not verified by Sporcle

Also try: Comic-Con Cosplay
Challenge
Share
Tweet
Embed
Score 0/13 Timer 06:00
0 Plays Today
Superhero 1 Actor % Correct
Catwoman (Catwoman)Halle Berry
95.1%
Frozone* (The Incredibles)Samuel L. Jackson
93.9%
Daredevil (Daredevil)Ben Affleck
90.8%
Hancock (Hancock)Will Smith
90.1%
Human Torch (Fantastic Four)Chris Evans
89.7%
Green Lantern (Green Lantern)Ryan Reynolds
88.8%
Ghost Rider (Ghost Rider)Nick Cage
87.6%
The Riddler (Batman Forever)Jim Carrey
81%
Black Widow (The Avengers)Scarlett Johansson
72.3%
Boltie (Super)Ellen Page
59.1%
Kick-Ass (Kick-Ass)Aaron Taylor-Johnson
50.9%
The Punisher (Punisher: War Zone)Ray Stevenson
27.2%
Abe Sapien (Hellboy)Doug Jones
21.9%

You're not logged in!

Compare scores with friends on all Sporcle quizzes.
OR
Log In

You Might Also Like...

Show Comments

Extras

Top Quizzes Today


Score Distribution

Your Account Isn't Verified!

In order to create a playlist on Sporcle, you need to verify the email address you used during registration. Go to your Sporcle Settings to finish the process.

Report this User

Report this user for behavior that violates our Community Guidelines.

Details: